Criminal Minds Knowledge Quiz - Statistics

General Stats
  • This quiz has been taken 865 times
    823 since last reset
  • The average score is 44 of 67
Answer Stats
Hint Answer % Correct
Who is played by Thomas Gibson? (Seasons 1-12) Aaron Hotchner (Hotch)
98%
Who is played by Shemar Moore? (Seasons 1-11 guest stars in seasons 12-13) Derek Morgan
98%
Who was played by Mandy Patinkin? (Seasons 1-3) Jason Gideon
98%
Who was played by Lola Glaudini? (Seasons 1-2) Elle Greenaway
93%
Who is played by Joe Mantegna? (Seasons 3-15) David Rossi
91%
Who is played by Matthew Gray Gubler? (Seasons 1-15) Dr. Spencer Reid
89%
Who is played by Paget Brewster? (Seasons 2–7, 12–15; guest seasons 9, 11) Emily Prentiss
88%
Who is played by A.J. Cook? (Seasons 1–5, 7–15; recurring season 6) Jennifer Jareau (JJ)
88%
How many times is Reid introduced as Agent Spencer Reid? Twice. Season 1 Episode 1 and sometime later in the show
88%
What’s the name of Hotch’s kid played by Cade Owens? Jack
87%
What did Reid say Hotch kicked like in the 1st season? (I think that’s when it happened sorry if that’s wrong) Like a 9 year old girl
87%
Who is played by Kirsten Vangsness? (Seasons 1-15) Penelope Garcia
87%
Do you love Criminal Minds? YES!!!!!!
87%
How many season are there (as of 2020)? 15
84%
What does Morgan call Garcia? Baby Girl
84%
How old was Reid when he graduated high school? 12
83%
What is the name of the show? Criminal Minds
83%
Who is Hotch’s wife/ex-wife played by Meredith Monroe? (Seasons 1–3, 5, 9) Haley Brooks Hotchner
83%
True or False: David Rossi's middle name is Stephen? True
83%
What state does it take place in? Virginia
82%
What year did the show start? 2005
81%
What year did it end? 2020
81%
What is the name of Morgan's son? Hank Spencer Morgan
81%
What’s the name of JJ’s first kid played by Mekhai Anderson? Henry
81%
What do they commonly call the person they are trying to catch? UnSub or Unknown Subject
81%
Who is JJ’s husband played by Josh Stewart? (Seasons 2–5, 7–9, 11–15) Will LaMontagne Jr.
80%
Who is played by Adam Rodriguez? (Seasons 12-15) Luke Alvez
79%
Where is Reid from? Las Vegas, Nevada
74%
What county? Quantico
74%
What species of animal did Gideon really like? Birds
72%
Who is played by Jeanne Tripplehorn? (Seasons 8-9) Alex Blake
69%
What is Reid’s IQ? 187
67%
Where do they work? BAU (Behavioral Analysis Unit)
67%
Who is played by C. Thomas Howell? (The Reaper) (Seasons 4-5) George Foyet
67%
Who is played by Beth Riesgraf? (Portrays Spencer's girlfriend in Season 8) Dr. Maeve Donovan
66%
Who is played by Nicholas Brendon? (He portrays Garcia's boyfriend) (Seasons 3–10) Kevin Lynch
66%
Who is played by Aubrey Plaza? (Seasons 12-15) Cat Adams
65%
Who is played by Aisha Tyler? (Seasons 11-15) Dr. Tara Lewis
65%
Who is played by Daniel Henney? (Seasons 13–15; guest seasons 10, 12) Matt Simmons
64%
He also has 2 BA's (Bachelor's Degrees). Name one. Psychology and Sociology
62%
What kind of memory does Reid have? Eidetic Memory
60%
Who is played by Jayne Atkinson (Seasons 2–3, 5–9) Erin Strauss
60%
Who is played by Timothy V. Murphy? (He 'kills' Prentiss in Season 6) Ian Doyle
60%
Who is played by Jennifer Love Hewitt? (Season 10) Kate Callahan
60%
Reid has 3 doctorates. Name one. Chemistry, Mathematics, and Engineering
56%
Who is portrayed by Jane Lynch? (Portrays Reid's mom) (Seasons 1–2, 4, 12 & 15) Diana Reid
56%
Who is played by Bellamy Young? (She portrays Hotch's girlfriend in seasons 7-9) Beth Clemmons
55%
What did Emily name her cat? Sergio
55%
How many words can he read per minute? 20,000
54%
What did J.J. collect as a child? Butterflies
53%
Who is played by Rachel Nichols? (Season 6) Ashley Seaver
52%
Who is played by Rochelle Aytes? (She portrays Morgan's girlfriend) (Seasons 9-11) Savannah Hayes
48%
What two characters first started the BAU? Jason Gideon and David Rossi
46%
What does Garcia call Luke Alvez? Newbie or New Guy
45%
What kind of FBI work do they all do? Profile
45%
Who is played by Meta Golding? (Season 4) Jordan Todd
44%
Who is played by Molly Baker? (Plays above persons sister) (Seasons 1, 3, 5, 9–11) Jessica Brooks
41%
Who is played by Brian Appel? (Side character that works at the BAU and is in 18 episodes) Agent Grant Anderson
40%
Who is played by Bodhi Elfman? (Mr. Scratch) (Seasons 10-13) Peter Lewis
40%
Who is played by Amber Stevens West? (Portrays the above persons daughter) (Seasons 10, 11 & 14) Joy Rossi Struthers
39%
What’s the name of JJ’s second kid played by Phoenix Anderson? Michael
39%
Who is played by Hailey Sole? (Portrays the above persons niece) (Season 10) Meg Callahan
38%
What BA (Bachelor's Degree) is he studying for? Philosophy
37%
Who is played by Esai Morales? (Replaces Strauss as Section Chief) (Seasons 9-10) Mateo Cruz
36%
Who is played by Damon Gupton? (Season 12) Stephen Walker
35%
What fake FBI agent do JJ, Emily, and Garcia have fun with? Brad
28%
Why is Reid afraid of the dark? Because of the inherent absence of light
25%
No matching quizzes found
Score Distribution
Percent of People with Each Score
Percentile by Number Answered
Your Score History
You have not taken this quiz since the last reset